000 nam a22 7a 4500
999 _c9185
_d9185
008 180124b ||||| |||| 00| 0 eng d
100 _aCBSE
_95446
245 _aScience Chemistry
260 _aNew Delhi
_bRachna
_c2009